El lenguaje del cuerpo
Gardado en:
| Autor Principal: | |
|---|---|
| Formato: | Libro |
| Idioma: | Lingua castelá |
| Publicado: |
Ciudad de México
Fondo de Cultura Económica
1986
|
| Series: | Breviarios del Fondo de Cultura Económica, 367
|
| Subjects: | |
| Tags: |
Engadir etiqueta
Sen Etiquetas, Sexa o primeiro en etiquetar este rexistro!
|
MARC
| LEADER | 00000nam a2200000 a 4500 | ||
|---|---|---|---|
| 001 | UCX2402 | ||
| 003 | CL-VaPUC | ||
| 008 | 910510e19860000MX |||||||||||||||||spa|d | ||
| 082 | 0 | 4 | |a 153.69 |b GUI |2 21 |
| 100 | |a Guiraud, Pierre |e author |9 554560 | ||
| 245 | 1 | 3 | |a El lenguaje del cuerpo |
| 300 | |a 120 p | ||
| 942 | |c BK | ||
| 945 | |d 19910510 00:00:00 | ||
| 260 | |a Ciudad de México |b Fondo de Cultura Económica |c 1986 | ||
| 650 | 0 | |a Comunicación no verbal |9 270761 | |
| 583 | |a last modification |c 20180502 11:04:28 |k Rodrigo Vera | ||
| 490 | 0 | |a Breviarios del Fondo de Cultura Económica, 367 | |
| 999 | |c 223433 |d 223431 | ||
| 952 | |0 0 |1 0 |4 0 |6 153_690000000000000_GUI_1986 |7 0 |8 A |9 219212 |a BIBEDU |b BIBEDU |d 2019-11-15 |i 2879751 |o 153.69 GUI 1986 |p 2879751 |r 2019-11-15 |w 2019-11-15 |y BK |k LIT | ||